Modelos econométricos de elección discreta
Uloženo v:
| Hlavní autor: | |
|---|---|
| Médium: | Kniha |
| Jazyk: | španělština |
| Vydáno: |
Santiago
Universidad Católica de Chile
2000
|
| Edice: | Lecciones
|
| Témata: | |
| Tagy: |
Přidat tag
Žádné tagy, Buďte první, kdo vytvoří štítek k tomuto záznamu!
|
MARC
| LEADER | 00000cam a2200000 a 4500 | ||
|---|---|---|---|
| 001 | UCN9406 | ||
| 003 | CL-VaPUC | ||
| 008 | 011207e20000400CL |||||||||||||||||spa|d | ||
| 020 | |a 9561405598 | ||
| 082 | 0 | 4 | |a 330.015195 |b ORT |2 21 |
| 100 | |a Ortúzar Salas, Juan de Dios |e autor |9 333644 | ||
| 245 | 1 | 0 | |a Modelos econométricos de elección discreta |
| 300 | |a 249 p | ||
| 942 | |c BK | ||
| 945 | |d 20011207 00:00:00 |a vberengu | ||
| 260 | |a Santiago |b Universidad Católica de Chile |c 2000 | ||
| 650 | 0 | |a Modelos econométricos |9 261094 | |
| 650 | 7 | |a MODELO DE REGRESION LINEAL |2 CL-VaPUC |9 424786 | |
| 583 | |a last modification |c 20190328 01:27:53 |k Rodrigo Vera | ||
| 490 | 0 | |a Lecciones | |
| 999 | |c 298840 |d 298838 | ||
| 952 | |0 0 |1 0 |4 0 |6 330_015195000000000_ORT_2000 |7 0 |8 A |9 354785 |a BIBING |b BIBING |d 2019-11-21 |i 3781763 |o 330.015195 ORT 2000 |p 3781763 |r 2025-01-20 |w 2019-11-21 |y BK |k TRA | ||
| 952 | |0 0 |1 0 |4 0 |6 330_015195000000000_ORT_2000 |7 0 |8 A |9 354786 |a BIBING |b BIBING |d 2019-11-21 |i 3781771 |o 330.015195 ORT 2000 |p 3781771 |r 2025-01-20 |w 2019-11-21 |y BK |k TRA | ||
| 952 | |0 0 |1 0 |4 0 |6 330_015195000000000_ORT_2000 |7 0 |8 A |9 354787 |a BIBING |b BIBING |d 2019-11-21 |i 378178K |o 330.015195 ORT 2000 |p 378178K |r 2025-01-20 |w 2019-11-21 |y BK |k TRA | ||
| 952 | |0 0 |1 0 |4 0 |6 330_015195000000000_ORT_2000 |7 0 |8 A |9 354788 |a BIBING |b BIBING |d 2019-11-21 |i 3781798 |o 330.015195 ORT 2000 |p 3781798 |r 2025-01-20 |w 2019-11-21 |y BK |k TRA | ||
| 952 | |0 0 |1 0 |4 0 |6 330_015195000000000_ORT_2000 |7 0 |8 A |9 354789 |a BIBING |b BIBING |d 2019-11-21 |i 3781801 |o 330.015195 ORT 2000 |p 3781801 |r 2025-01-20 |w 2019-11-21 |y BK |k TRA | ||
| 952 | |0 0 |1 0 |4 0 |6 330_015195000000000_ORT_2000 |7 0 |8 A |9 354790 |a BIBING |b BIBING |d 2019-11-21 |i 3972682 |o 330.015195 ORT 2000 |p 3972682 |r 2025-01-20 |w 2019-11-21 |y BK |k TRA | ||
| 952 | |0 0 |1 0 |4 0 |6 330_015195000000000_ORT_2000 |7 0 |8 A |9 354791 |a BIBING |b BIBING |d 2019-11-21 |i 3972690 |o 330.015195 ORT 2000 |p 3972690 |r 2025-01-20 |w 2019-11-21 |y BK |k TRA | ||
| 952 | |0 0 |1 0 |4 0 |6 330_015195000000000_ORT_2000 |7 0 |8 A |9 354792 |a BIBING |b BIBING |d 2019-11-21 |i 4298039 |o 330.015195 ORT 2000 |p 4298039 |r 2025-01-20 |w 2019-11-21 |y BK |k TRA | ||
| 952 | |0 0 |1 0 |4 0 |6 330_015195000000000_ORT_2000 |7 0 |8 A |9 354793 |a BIBING |b BIBING |d 2019-11-21 |i 4298047 |o 330.015195 ORT 2000 |p 4298047 |r 2025-01-20 |w 2019-11-21 |y BK |k TRA | ||
| 952 | |0 0 |1 0 |4 0 |6 330_015195000000000_ORT_2000 |7 0 |8 A |9 354794 |a BIBMEC |b BIBMEC |d 2019-11-21 |i 4507509 |o 330.015195 ORT 2000 |p 4507509 |r 2024-01-19 |w 2019-11-21 |y BK |k MEC | ||
| 952 | |0 0 |1 0 |3 erb |4 0 |6 330_015195000000000_ORT_2000 |7 0 |8 A |9 354795 |a BIBMAT |b BIBMAT |i 5540143 |o 330.015195 ORT 2000 |p 5540143 |r 2025-01-07 |w 2019-11-21 |y BK |z Catalogado en:20190329 |k MAT | ||